Το Παιχνίδι της Μουσικής (Record no. 2044)
[ view plain ]
| 000 -LEADER | |
|---|---|
| fixed length control field | 01230cam a22001934a 4500 |
| 005 - ΗΜΕΡΟΜΗΝΙΑ ΚΑΙ ΩΡΑ ΤΕΛΕΥΤΑΙΑΣ ΕΝΗΜΕΡΩΣΗΣ | |
| Πεδίο ελέγχου | 20250605164029.0 |
| 008 - FIXED-LENGTH DATA ELEMENTS--GENERAL INFORMATION | |
| Πεδίο ελέγχου σταθερού μήκους | 250528s ||||||||||||||||||||||||d |
| 035 ## - SYSTEM CONTROL NUMBER | |
| System control number | 16552 |
| 020 ## - ISBN | |
| ISBN | 9607019253 |
| 040 ## - ΠΗΓΗ ΚΑΤΑΛΟΓΟΓΡΑΦΗΣΗΣ | |
| Φορέας πρωτότυπης καταλογογράφησης | MC Athens Campus Library |
| Γλώσσα καταλογογράφησης | Ελληνικά, Μοντέρνα (1453-) |
| Modifying agency | MC Athens Campus Library |
| Κανόνες περιγραφικής καταλογογράφησης | AACR2 |
| 245 1# - ΤΙΤΛΟΣ ΚΑΙ ΔΗΛΩΣΗ ΥΠΕΥΘΥΝΟΤΗΤΑΣ | |
| Τίτλος | Το Παιχνίδι της Μουσικής |
| 260 ## - PUBLICATION, DISTRIBUTION, ETC. | |
| Name of publisher, distributor, etc. | Ελληνικά Γράμματα, |
| Date of publication, distribution, etc. | 1991 |
| 300 ## - PHYSICAL DESCRIPTION | |
| Extent | 104 |
| 520 ## - SUMMARY, ETC. | |
| Summary, etc. | Το παιδί από τα πρώτα του βήματα μπορεί να ανακαλύψει τους ορίζοντες που θα τον οδηγήσουν στην αισθητική. Βασική Βιβλιογραφία, Solfege According to the Kodaly - Concept Erzsebet Megyi, Μουσική και Ψυχολογία, Κονσέρτα για Νέους, Πλησιάζοντας τη Μουσική, Ο Κόσμος της Μουσικής, Λεξικό Συνθετών, Η Ιστορία της Μουσικής, La Musique a l'ecole, Μια Πρόταση για την Ανάπτυξη του Μουσικού Αισθητηρίου στα Παιδιά των Δημοτικών Σχολείων. |
| 700 1# - ΠΡΟΣΘΕΤΗ ΑΝΑΓΡΑΦΗ--ΦΥΣΙΚΟ ΠΡΟΣΩΠΟ | |
| Personal name | Σακελλαρίδης Γιώργος |
| 9 (RLIN) | 2651 |
| 942 ## - ADDED ENTRY ELEMENTS (KOHA) | |
| Koha item type | Books |
| Τύπος τεκμηρίου | Βιβλιοθήκη | Τρέχουσα τοποθεσία | Barcode | Αριθμός εισαγωγής | Ημερομηνία απόκτησης | Ταξιθετικό σύμβολο | Αριθμός αντιτύπου | Κατάσταση απόσυρσης | Κατάσταση χαμένου | Κατάσταση κατεστραμμένου | Μη δανεισμός | Σύνολο δανεισμών | Ημερομηνία τελευταίας εμφάνισης | Η τιμή ισχύει από |
|---|---|---|---|---|---|---|---|---|---|---|---|---|---|---|
| Books | MC Athens Campus Library | MC Athens Campus Library | 9780000020437 | 4256 | 05/06/2025 | 372.87 SAK | 1 | 05/06/2025 | 05/06/2025 |